[Event "II Trofeo Giovanni Pico"]
[Site "Mirandola ITA"]
[Date "2009.01.10"]
[Round "2"]
[White "Buriani, Andrea"]
[Black "De Biaggi, Paolo"]
[Result "1-0"]
[WhiteElo "2155"]
[BlackElo "1904"]
[PlyCount "113"]
[EventDate "2009.01.09"]

1. d4 e6 2. Nf3 c5 3. e3 Nf6 4. Bd3 b6 5. O-O d5 6. b3 Bd6 7. Nbd2 Bb7 8. Bb2
Nbd7 9. Ne5 cxd4 10. exd4 Qc7 11. Re1 O-O 12. Qe2 Rac8 13. Rac1 Qb8 14. Qe3
Rfd8 15. Qh3 Nf8 16. Ndf3 Rc7 17. Ng5 h6 18. Ngf3 Ne4 19. Re2 f6 20. Ng4 Ng6
21. g3 f5 22. Nge5 Nxe5 23. dxe5 Bc5 24. c3 Be7 25. Nd4 Bc8 26. Qh5 Bc5 27.
Rec2 Bxd4 28. cxd4 Rxc2 29. Rxc2 Bd7 30. Qd1 Ng5 31. h4 Nf7 32. Qc1 Rc8 33. Ba6
Rxc2 34. Qxc2 Nd8 35. Ba3 Nc6 36. Bd6 Qe8 37. Qc3 Qg6 38. Bb5 Qe8 39. Ba6 Qg6
40. Bb5 Nxd4 41. Qxd4 Bxb5 42. Bb8 Qf7 43. Qb4 Be8 44. Qd6 Kh7 45. b4 g5 46.
hxg5 hxg5 47. Qd8 Kg6 48. Bd6 Kh5 49. Be7 f4 50. Bxg5 fxg3 51. fxg3 Kg4 52. Bf4
Qh5 53. Qe7 Kh3 54. Qxe6+ Qg4 55. Qxd5 Qe2 56. Qe6+ Qg4 57. Qxe8 1-0

[Event "II Trofeo Giovanni Pico"]
[Site "Mirandola ITA"]
[Date "2009.01.10"]
[Round "2"]
[White "Correggiari, Amedeo Luigi"]
[Black "Garofalo, Sergio"]
[Result "0-1"]
[WhiteElo "1440"]
[BlackElo "1804"]
[PlyCount "78"]
[EventDate "2009.01.09"]

1. d4 d5 2. Nf3 c5 3. e3 Nf6 4. Bd3 c4 5. Be2 Nc6 6. O-O Qc7 7. Nbd2 Bf5 8. c3
e6 9. Qa4 a6 10. h3 Bd6 11. Re1 g5 12. Qd1 g4 13. hxg4 Nxg4 14. Ne5 Ngxe5 15.
dxe5 Nxe5 16. f4 Nd3 17. Bxd3 Bxd3 18. Qh5 O-O-O 19. Nf3 Bg6 20. Qh4 Be7 21.
Qf2 Rhg8 22. b3 Be4 23. b4 Rg7 24. g3 Rdg8 25. Kh2 Rg6 26. Bd2 e5 27. Rh1 Qd7
28. Kg2 Qg4 29. Rh3 h5 30. Rf1 h4 31. Be1 exf4 32. exf4 Qxf4 33. Kh2 hxg3+ 34.
Rxg3 Rh8+ 35. Kg2 Rgh6 36. Qg1 Bd6 37. a4 Kc7 38. Bf2 Bxf3+ 39. Rxf3 Rh2+ 0-1

[Event "II Trofeo Giovanni Pico"]
[Site "Mirandola ITA"]
[Date "2009.01.10"]
[Round "2"]
[White "Drei, Andrea"]
[Black "Schiatti, Piero"]
[Result "1-0"]
[WhiteElo "2276"]
[BlackElo "1994"]
[PlyCount "47"]
[EventDate "2009.01.09"]

1. e4 e6 2. Nc3 d5 3. Nf3 d4 4. Ne2 c5 5. Ng3 Nc6 6. Bc4 Bd6 7. c3 Nge7 8. Qe2
Qc7 9. d3 Bf4 10. Nh5 Bxc1 11. Rxc1 O-O 12. O-O Ng6 13. cxd4 cxd4 14. Ne1 Nf4
15. Nxf4 Qxf4 16. Nc2 Bd7 17. g3 Qd6 18. f4 e5 19. f5 Qf6 20. Qd2 Kh8 21. g4
Qh4 22. Qg2 Na5 23. Bd5 Bc6 24. b4 1-0

[Event "II Trofeo Giovanni Pico"]
[Site "Mirandola ITA"]
[Date "2009.01.10"]
[Round "2"]
[White "Fiorentini, Paolo"]
[Black "Malfagia, Andrea"]
[Result "0-1"]
[WhiteElo "1982"]
[BlackElo "2263"]
[PlyCount "68"]
[EventDate "2009.01.09"]

1. d4 Nf6 2. Nf3 e6 3. c4 d5 4. Nc3 c6 5. e3 Nbd7 6. Bd3 dxc4 7. Bxc4 b5 8. Bd3
a6 9. a4 b4 10. Nb1 c5 11. O-O Bb7 12. Qe2 Be7 13. Rd1 Qc7 14. Nbd2 O-O 15. Nc4
a5 16. Bd2 Rfd8 17. Rac1 Bc6 18. b3 Qb7 19. Ne1 cxd4 20. exd4 Ne4 21. Nf3 Nxd2
22. Ncxd2 Nf6 23. Bc4 Nd5 24. Bxd5 Bxd5 25. Rc2 Rac8 26. Rdc1 Rxc2 27. Rxc2 h6
28. h3 Bd6 29. Qd3 Bc7 30. Qe2 Bb6 31. Qb5 Qa7 32. Rc1 Bxd4 33. Nxd4 Qxd4 34.
Qxa5 Ra8 0-1

[Event "II Trofeo Giovanni Pico"]
[Site "Mirandola ITA"]
[Date "2009.01.10"]
[Round "2"]
[White "Jimchi, Abdelaziz"]
[Black "Caramaschi, Vincenzo"]
[Result "1-0"]
[WhiteElo "1884"]
[BlackElo "1651"]
[PlyCount "57"]
[EventDate "2009.01.09"]

1. d4 e6 2. c4 d5 3. Nc3 c6 4. Nf3 Bd6 5. cxd5 exd5 6. h3 h6 7. Qc2 Qc7 8. Bd2
Ne7 9. Rc1 Be6 10. a3 Nd7 11. e3 Nf6 12. Nb5 Qd7 13. Nxd6+ Qxd6 14. Bd3 Nd7 15.
O-O f5 16. Nh4 Rf8 17. Bb4 c5 18. Bxc5 Nxc5 19. Qxc5 Qxc5 20. Rxc5 Rc8 21. Rfc1
Kf7 22. Rc7 Kf6 23. Nf3 Ng6 24. R1c3 Rxc7 25. Rxc7 Rf7 26. Rc5 b6 27. Rc6 Ne7
28. Rc7 Nc6 29. Rxc6 1-0

[Event "II Trofeo Giovanni Pico"]
[Site "Mirandola ITA"]
[Date "2009.01.10"]
[Round "2"]
[White "Lagrotteria, Salvatore"]
[Black "Moi, Roberto"]
[Result "1/2-1/2"]
[WhiteElo "2215"]
[BlackElo "1957"]
[PlyCount "103"]
[EventDate "2009.01.09"]

1. d4 Nf6 2. c4 e5 3. dxe5 Ng4 4. Bf4 Nc6 5. Nf3 Bb4+ 6. Nbd2 Qe7 7. a3 Ngxe5
8. Nxe5 Nxe5 9. e3 Bxd2+ 10. Qxd2 d6 11. Be2 O-O 12. O-O Be6 13. Qc3 Qf6 14. c5
Bd5 15. Rfd1 Bc6 16. Rac1 Qg6 17. Bg3 h5 18. Rd4 Rfe8 19. b4 a6 20. Rh4 Ng4 21.
Bd3 f5 22. cxd6 cxd6 23. Qd4 Ne5 24. Be2 Ng4 25. Qxd6 Qg5 26. Qf4 Qg6 27. Bd3
Nh6 28. f3 Rad8 29. Bf1 Nf7 30. Bf2 Ng5 31. Qg3 Qh6 32. Re1 Rd6 33. Rf4 Rg6 34.
Qh4 Bxf3 35. Kh1 Be4 36. Bg3 Rc8 37. Rf2 Rgc6 38. Bf4 Rg6 39. Rd1 Kh7 40. Be2
Rc2 41. Bxh5 Rxf2 42. Bxg6+ Kxg6 43. Qxf2 Qh5 44. Rd6+ Kh7 45. Bxg5 Qxg5 46.
Rd2 Qf6 47. h3 Qa1+ 48. Kh2 Qxa3 49. Qh4+ Kg6 50. Rd6+ Kf7 51. Rd7+ Kg8 52.
Rd8+ 1/2-1/2

[Event "II Trofeo Giovanni Pico"]
[Site "Mirandola ITA"]
[Date "2009.01.10"]
[Round "2"]
[White "Molinari, Enzo"]
[Black "Marino, Francesco V."]
[Result "0-1"]
[WhiteElo "1470"]
[BlackElo "1854"]
[PlyCount "102"]
[EventDate "2009.01.09"]

1. d4 Nf6 2. Nf3 e6 3. Bg5 Be7 4. e3 b6 5. Be2 Bb7 6. Nbd2 O-O 7. O-O d5 8. Rc1
Nbd7 9. c4 c5 10. b3 cxd4 11. Nxd4 h6 12. Bxf6 Nxf6 13. cxd5 exd5 14. Nc6 Bxc6
15. Rxc6 Bc5 16. Nf3 a6 17. Ne5 Re8 18. Nd3 Qd7 19. Rxc5 bxc5 20. Nxc5 Qd6 21.
b4 a5 22. a3 axb4 23. axb4 Reb8 24. Nd3 Ra2 25. Bf3 g5 26. h3 Ne4 27. Bh5 Rd2
28. Qb3 Nf6 29. Bf3 Ne4 30. Bh5 Rc8 31. Nc5 Nxc5 32. bxc5 Qxc5 33. Qb7 Rc7 34.
Qb8+ Kg7 35. Qe8 Re7 36. Qa4 Ra7 37. Qg4 Qc4 38. Qf5 Qe4 39. Qc8 d4 40. Bf3 Qe5
41. exd4 Qxd4 42. Qc1 Raa2 43. Kh1 Rxf2 44. Rxf2 Rxf2 45. Qe1 Ra2 46. Qe7 Ra1+
47. Kh2 Qf4+ 48. g3 Qxf3 49. Qe5+ Qf6 50. Qxf6+ Kxf6 51. Kg2 Ra3 0-1

[Event "II Trofeo Giovanni Pico"]
[Site "Mirandola ITA"]
[Date "2009.01.10"]
[Round "2"]
[White "Ricci, Alfredo"]
[Black "Balboni, Lamberto"]
[Result "1-0"]
[WhiteElo "2031"]
[BlackElo "1772"]
[PlyCount "71"]
[EventDate "2009.01.09"]

1. e4 e6 2. d4 d5 3. Nc3 Nf6 4. Bg5 Be7 5. e5 Nfd7 6. Bxe7 Qxe7 7. a3 O-O 8.
Nf3 c5 9. Nb5 Nc6 10. c3 f6 11. exf6 Nxf6 12. dxc5 Qxc5 13. Be2 e5 14. b4 Qe7
15. c4 d4 16. c5 Be6 17. Nd6 a6 18. O-O Bd5 19. Re1 Ne8 20. Bc4 Bxc4 21. Nxc4
e4 22. Nfd2 Nf6 23. Nd6 e3 24. fxe3 dxe3 25. Qb3+ Kh8 26. Rxe3 Qc7 27. N2c4 a5
28. Rae1 axb4 29. axb4 Nd5 30. Rh3 Ncxb4 31. Ne4 Rae8 32. Ncd6 Qxc5+ 33. Kh1
Qf2 34. Qb1 Nc2 35. Rc1 Nc3 36. Rxc3 1-0

[Event "II Trofeo Giovanni Pico"]
[Site "Mirandola ITA"]
[Date "2009.01.10"]
[Round "2"]
[White "Salvioli, Alessandro"]
[Black "Decaneto, Erick"]
[Result "0-1"]
[WhiteElo "1875"]
[BlackElo "1548"]
[PlyCount "43"]
[EventDate "2009.01.09"]

1. e4 c5 2. Nf3 Nc6 3. d4 cxd4 4. Nxd4 e6 5. Nxc6 bxc6 6. Bd3 Bb4+ 7. c3 Bc5 8.
O-O Ne7 9. Kh1 O-O 10. f4 f5 11. Nd2 d5 12. e5 Ng6 13. Nf3 Qb6 14. Qe2 a5 15.
Ng5 h6 16. Nh3 Ba6 17. Bxa6 Qxa6 18. Qe1 Rfb8 19. Rf3 a4 20. Rg3 Kh7 21. Qd1
Ra7 22. Qc2 0-1

[Event "II Trofeo Giovanni Pico"]
[Site "Mirandola ITA"]
[Date "2009.01.10"]
[Round "2"]
[White "Solinas, Roberto"]
[Black "Raisi, Michele"]
[Result "1/2-1/2"]
[WhiteElo "1773"]
[BlackElo "1462"]
[PlyCount "126"]
[EventDate "2009.01.09"]

1. d4 e6 2. Nf3 Nf6 3. Nbd2 d5 4. e3 a6 5. Bd3 Nbd7 6. O-O c5 7. c3 Bd6 8. Re1
O-O 9. e4 dxe4 10. Nxe4 Nxe4 11. Rxe4 b6 12. Rh4 h6 13. Bxh6 gxh6 14. Rxh6 Bf4
15. Rh3 cxd4 16. Bh7+ Kg7 17. Qxd4+ e5 18. Qe4 Nf6 19. Qxa8 Bxh3 20. Qxa6 Kxh7
21. gxh3 e4 22. Nd4 Nd5 23. Qe2 Qg5+ 24. Qg4 Qxg4+ 25. hxg4 Kg6 26. Kg2 Rh8 27.
h3 e3 28. fxe3 Bxe3 29. Nf5 Nf4+ 30. Kf3 Rxh3+ 31. Ke4 Bd2 32. Rd1 Rh2 33. Kd4
Ne6+ 34. Kc4 Bf4 35. Rb1 Kg5 36. Kb5 Bc7 37. a4 Rd2 38. b4 Kxg4 39. Nh6+ Kf4
40. Nxf7 Rd5+ 41. Kc6 Rd3 42. c4 Ra3 43. Re1 Nd4+ 44. Kxc7 Rxa4 45. Kxb6 Rxb4+
46. Kc5 Nc2 47. Rc1 Rb2 48. Nd6 Na3 49. Kc6 Rc2 50. Rf1+ Ke5 51. c5 Kd4 52.
Rd1+ Ke5 53. Nb5 Nc4 54. Re1+ Kf6 55. Nd4 Rb2 56. Kc7 Na5 57. c6 Rb4 58. Rf1+
Ke5 59. Nf3+ Kd5 60. Rd1+ Kc5 61. Rc1+ Rc4 62. Rxc4+ Kxc4 63. Kd7 Nxc6 1/2-1/2

[Event "II Trofeo Giovanni Pico"]
[Site "Mirandola ITA"]
[Date "2009.01.10"]
[Round "2"]
[White "Tomasi, Valentina"]
[Black "Campini, Marco"]
[Result "0-1"]
[WhiteElo "1431"]
[BlackElo "2075"]
[PlyCount "72"]
[EventDate "2009.01.09"]

1. e4 c5 2. Nf3 d6 3. d4 cxd4 4. Nxd4 Nf6 5. Nc3 a6 6. Be2 e6 7. O-O Qc7 8. Be3
Be7 9. f4 Nc6 10. Nxc6 bxc6 11. Qe1 Rb8 12. Bc1 O-O 13. Qg3 Ne8 14. b3 f5 15.
Bd3 Bf6 16. Bb2 g6 17. Rae1 fxe4 18. Bxe4 d5 19. Bf3 Ng7 20. Bg4 c5 21. Bc1 Bd7
22. Qf3 Rf7 23. g3 c4 24. Bd2 Rc8 25. Rc1 Qa7+ 26. Be3 d4 27. Bf2 Bc6 28. Ne4
Be7 29. Qe2 Qa8 30. Bf3 e5 31. fxe5 Rxf3 32. Qxf3 Bxe4 33. Qg4 Bf5 34. Qe2 d3
35. Qd2 c3 36. Qh6 Bg5 0-1

[Event "II Trofeo Giovanni Pico"]
[Site "Mirandola ITA"]
[Date "2009.01.10"]
[Round "2"]
[White "Trangoni, Bruno"]
[Black "Corvi, Marco"]
[Result "0-1"]
[WhiteElo "1998"]
[BlackElo "2319"]
[PlyCount "62"]
[EventDate "2009.01.09"]

1. Nf3 f5 2. e4 fxe4 3. Ng5 Nf6 4. d3 e5 5. dxe4 Bc5 6. Bc4 Qe7 7. O-O h6 8.
Nf3 g5 9. Nc3 d6 10. Na4 Bb6 11. Nxb6 axb6 12. Qd3 Nbd7 13. b4 Nf8 14. Bb2 Ng6
15. h3 Nf4 16. Qe3 g4 17. Nh4 gxh3 18. g3 Qg7 19. Kh1 Ng2 20. Nxg2 hxg2+ 21.
Kxg2 Bd7 22. f4 Ng4 23. Qf3 Rf8 24. Rh1 Bc6 25. b5 Ra4 26. Bd3 Bd7 27. c4 Rg8
28. a3 Be6 29. Qe2 Bxc4 30. Bxc4 Rxc4 31. a4 Rc2 0-1

[Event "II Trofeo Giovanni Pico"]
[Site "Mirandola ITA"]
[Date "2009.01.10"]
[Round "2"]
[White "Vezzosi, Paolo"]
[Black "Vicari, Luigi"]
[Result "1-0"]
[WhiteElo "2374"]
[BlackElo "2000"]
[PlyCount "67"]
[EventDate "2009.01.09"]

1. d4 d5 2. c4 e6 3. Nc3 Nf6 4. Bg5 c6 5. e3 Nbd7 6. cxd5 exd5 7. Bd3 Be7 8.
Nge2 Ne4 9. Bxe7 Qxe7 10. Bxe4 dxe4 11. Ng3 O-O 12. Ngxe4 f5 13. Nd2 Nf6 14.
O-O Be6 15. Nf3 Nd7 16. d5 cxd5 17. Nxd5 Bxd5 18. Qxd5+ Qf7 19. Qxb7 Rfb8 20.
Qc6 Rc8 21. Qd6 Nb6 22. b3 Rd8 23. Qe5 Rd5 24. Qf4 Qe7 25. Rfc1 Rad8 26. h4 Rc5
27. Nd4 Nd5 28. Qg5 Qxg5 29. hxg5 Nc3 30. Rc2 Rdc8 31. f4 Ra8 32. Nxf5 Rxf5 33.
Rxc3 Rd5 34. Rf1 1-0

[Event "II Trofeo Giovanni Pico"]
[Site "Mirandola ITA"]
[Date "2009.01.10"]
[Round "2"]
[White "Zuccaro, Guido"]
[Black "Bertani, Gianfranco"]
[Result "0-1"]
[WhiteElo "1770"]
[BlackElo "2100"]
[PlyCount "38"]
[EventDate "2009.01.09"]

1. c4 f5 2. Nc3 Nf6 3. d3 e5 4. e4 Bb4 5. Bd2 Bxc3 6. Bxc3 d6 7. Qc2 c5 8. g3
fxe4 9. dxe4 Nc6 10. O-O-O Nd4 11. Bxd4 cxd4 12. Bd3 O-O 13. h3 Qa5 14. Kb1 Be6
15. f4 Rfc8 16. Qe2 b5 17. b3 bxc4 18. Bxc4 Bxc4 19. bxc4 Rab8+ 0-1

[Event "II Trofeo Giovanni Pico"]
[Site "Mirandola ITA"]
[Date "2009.01.10"]
[Round "3"]
[White "Bertani, Gianfranco"]
[Black "Jimchi, Abdelaziz"]
[Result "1-0"]
[WhiteElo "2100"]
[BlackElo "1884"]
[PlyCount "91"]
[EventDate "2009.01.09"]

1. Nf3 Nf6 2. d4 d5 3. e3 Bg4 4. Nbd2 e6 5. Bd3 Nbd7 6. h3 Bh5 7. b3 Bd6 8. Bb2
c6 9. O-O Qc7 10. c4 dxc4 11. Nxc4 O-O 12. Nxd6 Qxd6 13. a4 Rfe8 14. Ba3 Qd5
15. Bc4 Bxf3 16. Qxf3 Qxf3 17. gxf3 e5 18. dxe5 Nxe5 19. Be2 Rad8 20. Rfd1 Rd5
21. f4 Ng6 22. Bf3 Rxd1+ 23. Rxd1 Ne7 24. Bb2 Ned5 25. Be5 Nd7 26. Bxd5 cxd5
27. Rxd5 Nb6 28. Rb5 Re7 29. a5 Nc8 30. Rd5 Re8 31. Rd7 b6 32. a6 Kf8 33. Kg2
Re7 34. Rd8+ Re8 35. Bxg7+ Ke7 36. Bf6+ Kf8 37. Rd7 Re6 38. Rc7 Nd6 39. Bb2 Nb5
40. Rb7 Ke8 41. f5 Rd6 42. Be5 Rd3 43. b4 Ra3 44. Bf6 Rxa6 45. Re7+ Kf8 46. Rd7
1-0

[Event "II Trofeo Giovanni Pico"]
[Site "Mirandola ITA"]
[Date "2009.01.10"]
[Round "3"]
[White "Boni, Gianni"]
[Black "Solinas, Roberto"]
[Result "0-1"]
[WhiteElo "1883"]
[BlackElo "1773"]
[PlyCount "124"]
[EventDate "2009.01.09"]

1. b3 b6 2. Bb2 Bb7 3. e3 Nf6 4. Nf3 d6 5. d3 Nbd7 6. Nbd2 g6 7. g4 e5 8. g5
Ng8 9. Rg1 Bg7 10. Bg2 f5 11. Qe2 Qe7 12. O-O-O Qe6 13. e4 Ne7 14. Rde1 O-O-O
15. d4 f4 16. d5 Qf7 17. Nc4 Kb8 18. Qd2 Nc5 19. b4 Na6 20. Rd1 Qe8 21. Kb1 Qa4
22. Bc3 Ka8 23. Nb2 Qd7 24. Bf1 Nc8 25. Be2 Nb8 26. Qe1 Ba6 27. Bxa6 Nxa6 28.
Qe2 Kb7 29. Qc4 Nb8 30. Be1 a6 31. Rd3 Na7 32. Rc3 Nb5 33. Rd3 Rhe8 34. Qb3 c6
35. a4 Nd4 36. Nxd4 exd4 37. f3 cxd5 38. Qxd5+ Ka7 39. Bf2 Nc6 40. Qb3 Qe6 41.
Nc4 b5 42. axb5 axb5 43. Qa2+ Kb8 44. Na5 Qxa2+ 45. Kxa2 Nxb4+ 46. Kb3 Nxd3 47.
cxd3 Rc8 48. Ra1 Rc3+ 49. Kb4 Kc7 50. Nb3 Rb8 51. Bxd4 Rxb3+ 52. Kxb3 Bxd4 53.
Rc1+ Kb6 54. h4 Rb7 55. Rh1 Rc7 56. h5 Rc3+ 57. Ka2 Rxd3 58. hxg6 hxg6 59. Rh6
Rxf3 60. Rxg6 Be5 61. Re6 Kc5 62. Re8 Rg3 0-1

[Event "II Trofeo Giovanni Pico"]
[Site "Mirandola ITA"]
[Date "2009.01.10"]
[Round "3"]
[White "Camerini, Lorenzo"]
[Black "Vezzosi, Paolo"]
[Result "0-1"]
[WhiteElo "2101"]
[BlackElo "2374"]
[PlyCount "76"]
[EventDate "2009.01.09"]

1. e4 c5 2. Nf3 e6 3. d4 cxd4 4. Nxd4 Nc6 5. Nb5 d6 6. Bf4 e5 7. Be3 Nf6 8. Bg5
Be6 9. Nd2 a6 10. Bxf6 gxf6 11. Nc3 b5 12. Nb3 f5 13. exf5 Bxf5 14. Bd3 Be6 15.
Be4 Rc8 16. Qf3 Nb8 17. Nd5 Bg7 18. Ne3 Qg5 19. O-O-O Bf8 20. g3 Be7 21. Kb1
O-O 22. h4 Qh6 23. Bf5 Kh8 24. Qe4 Nc6 25. Nd5 Rfd8 26. a3 Bf8 27. Rd3 Bxf5 28.
Qxf5 Qe6 29. Qh5 a5 30. Ne3 d5 31. Nf5 a4 32. Na1 b4 33. axb4 Nxb4 34. Rf3 d4
35. b3 axb3 36. Nxb3 e4 37. Rf4 Nd3 38. Rg4 Nxf2 0-1

[Event "II Trofeo Giovanni Pico"]
[Site "Mirandola ITA"]
[Date "2009.01.10"]
[Round "3"]
[White "Campini, Marco"]
[Black "Drei, Andrea"]
[Result "1-0"]
[WhiteElo "2075"]
[BlackElo "2276"]
[PlyCount "83"]
[EventDate "2009.01.09"]

1. e4 c5 2. Nf3 e6 3. d4 cxd4 4. Nxd4 a6 5. Bd3 Bc5 6. Nb3 Be7 7. c3 Nc6 8. O-O
Nf6 9. Bf4 e5 10. Bg5 d5 11. Bxf6 Bxf6 12. exd5 Qxd5 13. Qe2 Be6 14. N1d2 Be7
15. Rad1 Rd8 16. Bc4 Qd7 17. Bxe6 Qxe6 18. Ne4 O-O 19. Rxd8 Rxd8 20. Rd1 Rd5
21. Rxd5 Qxd5 22. Ned2 g6 23. Kf1 Kg7 24. Nc4 b5 25. Ne3 Qe4 26. Qd1 a5 27. Ke2
a4 28. Nd2 Qf4 29. g3 Qh6 30. Qh1 Nd8 31. Qe4 Qh5+ 32. Nf3 f6 33. g4 Qh3 34.
Qd5 h5 35. Qd7 Kf8 36. Nd5 Nc6 37. Qxc6 e4 38. Ne1 Qxg4+ 39. f3 exf3+ 40. Nxf3
Qe4+ 41. Kf2 Qc2+ 42. Kg3 1-0

[Event "II Trofeo Giovanni Pico"]
[Site "Mirandola ITA"]
[Date "2009.01.10"]
[Round "3"]
[White "Caramaschi, Vincenzo"]
[Black "Molinari, Enzo"]
[Result "1-0"]
[WhiteElo "1651"]
[BlackElo "1470"]
[PlyCount "97"]
[EventDate "2009.01.09"]

1. e4 c5 2. Nf3 d6 3. d4 cxd4 4. Qxd4 Nc6 5. Bb5 Bd7 6. Bxc6 Bxc6 7. c4 Nf6 8.
Nc3 e5 9. Qd3 Be7 10. Be3 O-O 11. h3 a6 12. a4 h6 13. O-O Rc8 14. a5 Nd7 15. b4
b5 16. axb6 Nxb6 17. Rxa6 Nd7 18. Rfa1 Nf6 19. b5 Bb7 20. Ra7 Ra8 21. Nd2 Rxa7
22. Rxa7 Qb8 23. Nb3 Nd7 24. Na5 Nc5 25. Bxc5 dxc5 26. Rxb7 Qd6 27. Qxd6 Bxd6
28. Nd5 Ra8 29. Nc6 Ra4 30. Rd7 Bf8 31. Rd8 f6 32. b6 Ra1+ 33. Kh2 Rb1 34. Rb8
Kf7 35. Nd8+ Kg6 36. b7 Bd6 37. Rc8 h5 38. Ne7+ Bxe7 39. b8=Q Rxb8 40. Rxb8 f5
41. exf5+ Kxf5 42. Rc8 e4 43. Nb7 Ke6 44. Nxc5+ Kf5 45. g3 g5 46. Nxe4 Kxe4 47.
Re8 Kd4 48. Rxe7 Kxc4 49. f4 1-0

[Event "II Trofeo Giovanni Pico"]
[Site "Mirandola ITA"]
[Date "2009.01.10"]
[Round "3"]
[White "Corvi, Marco"]
[Black "Buriani, Andrea"]
[Result "1-0"]
[WhiteElo "2319"]
[BlackElo "2155"]
[PlyCount "111"]
[EventDate "2009.01.09"]

1. c4 e5 2. Nc3 Nc6 3. Nf3 f5 4. d4 e4 5. Bg5 Be7 6. Bxe7 Qxe7 7. Ng1 Nf6 8. e3
O-O 9. Nge2 Qb4 10. Qb3 Qxb3 11. axb3 Nb4 12. Kd2 Nd3 13. Nd1 d5 14. Nec3 Nb4
15. Nxd5 Nbxd5 16. cxd5 Nxd5 17. Bc4 c6 18. Nc3 Rd8 19. Bxd5+ cxd5 20. Ra5 Be6
21. Nb5 Kf7 22. Nxa7 Ke7 23. Rha1 Kd7 24. Nb5 Rxa5 25. Rxa5 Kc6 26. Nc3 g5 27.
Rc5+ Kd6 28. Nb5+ Ke7 29. Rc7+ Rd7 30. Kc3 f4 31. Kb4 b6 32. Rc6 Rb7 33. Rc7+
Rxc7 34. Nxc7 f3 35. g3 Bf7 36. Kb5 Kf6 37. Kxb6 Kf5 38. h3 h5 39. Kc5 h4 40.
gxh4 g4 41. hxg4+ Kxg4 42. Nxd5 Kh3 43. Nc3 Bg6 44. d5 Kg2 45. Nd1 Kf1 46. d6
Bf5 47. h5 Ke2 48. h6 Kxd1 49. h7 Bxh7 50. d7 Ke2 51. d8=Q Kxf2 52. Qh4+ Kxe3
53. Qxh7 f2 54. Qh1 Kd2 55. Kd4 e3 56. Qf1 1-0

[Event "II Trofeo Giovanni Pico"]
[Site "Mirandola ITA"]
[Date "2009.01.10"]
[Round "3"]
[White "De Biaggi, Paolo"]
[Black "Bolognesi, Alberto"]
[Result "0-1"]
[WhiteElo "1904"]
[BlackElo "1898"]
[PlyCount "60"]
[EventDate "2009.01.09"]

1. e4 e5 2. Nf3 Nf6 3. Nxe5 d6 4. Nf3 Nxe4 5. d4 d5 6. Bd3 Bd6 7. O-O O-O 8. c4
Bg4 9. cxd5 f5 10. h3 Bh5 11. Nbd2 Nd7 12. Qb3 Nxd2 13. Nxd2 Nb6 14. Nc4 Nxc4
15. Bxc4 Qh4 16. f4 Rae8 17. Bd2 Re4 18. Qc3 Be2 19. Bxe2 Rxe2 20. Be3 Qg3 21.
Bf2 Qxf4 22. g3 Qg5 23. Rae1 Rfe8 24. Rxe2 Rxe2 25. Re1 Rxe1+ 26. Qxe1 h5 27.
h4 Qg4 28. Qe6+ Kh7 29. a3 Bxg3 30. Kf1 Qf3 0-1

[Event "II Trofeo Giovanni Pico"]
[Site "Mirandola ITA"]
[Date "2009.01.10"]
[Round "3"]
[White "Decaneto, Erick"]
[Black "Zanetto, Marco"]
[Result "1/2-1/2"]
[WhiteElo "1548"]
[BlackElo "1815"]
[PlyCount "41"]
[EventDate "2009.01.09"]

1. d4 Nf6 2. c4 e6 3. Nc3 Bb4 4. Bg5 h6 5. Bxf6 Qxf6 6. e3 c5 7. Nf3 O-O 8. Qb3
Nc6 9. dxc5 Bxc5 10. Ne4 Qe7 11. Nxc5 Qxc5 12. Rd1 b6 13. Be2 Rd8 14. O-O Ba6
15. Qc3 d5 16. b3 Rac8 17. Rc1 dxc4 18. Bxc4 Bxc4 19. Qxc4 Qxc4 20. Rxc4 Ne7
21. Rd4 1/2-1/2

[Event "II Trofeo Giovanni Pico"]
[Site "Mirandola ITA"]
[Date "2009.01.10"]
[Round "3"]
[White "Garofalo, Sergio"]
[Black "Balboni, Lamberto"]
[Result "1/2-1/2"]
[WhiteElo "1804"]
[BlackElo "1772"]
[PlyCount "96"]
[EventDate "2009.01.09"]

1. Nf3 d5 2. d4 Bf5 3. Nh4 e6 4. g3 Bg6 5. Bg2 Nf6 6. c4 c6 7. Qb3 Qb6 8. c5
Qxb3 9. axb3 Na6 10. Nxg6 hxg6 11. f3 Nb4 12. Kf2 Nc2 13. Ra4 Nxd4 14. Rxd4
Bxc5 15. Be3 Bxd4 16. Bxd4 O-O 17. Nc3 Nd7 18. f4 c5 19. Be5 Nxe5 20. fxe5 f6
21. Nxd5 fxe5+ 22. Ke3 exd5 23. Bxd5+ Kh7 24. Bxb7 Rab8 25. Bd5 Rfd8 26. Ke4
Rxd5 27. Kxd5 Rxb3 28. e4 Rxb2 29. Kxe5 Kg8 30. Ra1 Rxh2 31. Rxa7 Rg2 32. Kf4
c4 33. Rc7 Rc2 34. Kg5 Rg2 35. g4 Kh7 36. Rxc4 Re2 37. Kf4 Rf2+ 38. Ke3 Rg2 39.
e5 Kg8 40. Kf3 Rg1 41. Kf2 Ra1 42. Ke3 Re1+ 43. Kf4 Kf7 44. Rc7+ Kf8 45. Rd7
Re2 46. Kg5 Rxe5+ 47. Kxg6 Re6+ 48. Kg5 Ra6 1/2-1/2

[Event "II Trofeo Giovanni Pico"]
[Site "Mirandola ITA"]
[Date "2009.01.10"]
[Round "3"]
[White "Guaragno, Michele"]
[Black "Trangoni, Bruno"]
[Result "0-1"]
[WhiteElo "1885"]
[BlackElo "1998"]
[PlyCount "66"]
[EventDate "2009.01.09"]

1. e4 g6 2. d4 Bg7 3. Nf3 d6 4. h3 Nf6 5. Nc3 a6 6. Bc4 O-O 7. O-O b5 8. Bd3
Bb7 9. Re1 c5 10. d5 Nbd7 11. a3 Qc7 12. Bg5 h6 13. Bd2 Rac8 14. Rc1 Rfe8 15.
Na2 c4 16. Bf1 Nc5 17. Nc3 e6 18. Bf4 exd5 19. Bxd6 Qxd6 20. e5 Qd7 21. exf6
Rxe1 22. Nxe1 Bxf6 23. Qf3 Bg5 24. Rd1 d4 25. Qg3 Bf6 26. Nf3 Rd8 27. Qf4 Bg7
28. Ne5 Qe7 29. Re1 dxc3 30. bxc3 Ne6 31. Ng4 Nxf4 32. Rxe7 Bc8 33. Ne5 Bf6 0-1

[Event "II Trofeo Giovanni Pico"]
[Site "Mirandola ITA"]
[Date "2009.01.10"]
[Round "3"]
[White "Malfagia, Andrea"]
[Black "Ricci, Alfredo"]
[Result "1/2-1/2"]
[WhiteElo "2263"]
[BlackElo "2031"]
[PlyCount "135"]
[EventDate "2009.01.09"]

1. d4 c5 2. d5 Nf6 3. c4 g6 4. Nc3 Bg7 5. e4 d6 6. f3 O-O 7. Bg5 a6 8. Qd2 b5
9. cxb5 axb5 10. Bxb5 Ba6 11. a4 Qb6 12. Rb1 Bxb5 13. axb5 e6 14. dxe6 fxe6 15.
Nge2 Nbd7 16. O-O Ne5 17. Rfd1 Nf7 18. Be3 Qa5 19. Qc2 Nd7 20. Nc1 Nde5 21. Qe2
Nd7 22. Nb3 Qb4 23. Nd2 Bd4 24. Nc4 Bxe3+ 25. Nxe3 Nb6 26. f4 Na4 27. Qc4 Rfe8
28. Nxa4 Rxa4 29. b3 Ra2 30. Qxb4 cxb4 31. Rd4 e5 32. Rxb4 exf4 33. Nd5 Kg7 34.
Rc1 g5 35. b6 f3 36. gxf3 Ne5 37. Rc3 Rb8 38. Ra4 Rd2 39. Ra7+ Kg6 40. f4 gxf4
41. Nxf4+ Kg5 42. Nd5 h5 43. Rg3+ Ng4 44. Ra1 Kh4 45. Rg2 Rd4 46. Re1 Ne5 47.
Rg3 Rd2 48. Ne3 Ng4 49. Nf5+ Kg5 50. h3 Rxb6 51. Rf1 Rb2 52. hxg4 h4 53. Rh3
R6xb3 54. Ne3 Re2 55. Rf5+ Kg6 56. Rff3 Rb1+ 57. Nf1 Kg5 58. Re3 Rxe3 59. Rxe3
Kf4 60. Re2 Kxg4 61. Kf2 Kf4 62. Kg2 Rb3 63. Rf2+ Ke5 64. Nd2 Rg3+ 65. Kh2 Kd4
66. Rf5 Rd3 67. Rd5+ Ke3 68. Nc4+ 1/2-1/2

[Event "II Trofeo Giovanni Pico"]
[Site "Mirandola ITA"]
[Date "2009.01.10"]
[Round "3"]
[White "Marino, Francesco V."]
[Black "Fiorentini, Paolo"]
[Result "0-1"]
[WhiteElo "1854"]
[BlackElo "1982"]
[PlyCount "126"]
[EventDate "2009.01.09"]

1. c4 g6 2. Nc3 Bg7 3. g3 e6 4. Bg2 Ne7 5. d3 O-O 6. Rb1 d5 7. cxd5 exd5 8. Nf3
b6 9. Bf4 Bb7 10. O-O a6 11. Qc2 Nd7 12. Rfc1 c5 13. Qb3 Rc8 14. Nd2 b5 15. Bh3
f5 16. a3 Kh8 17. Bg5 Nf6 18. Na4 c4 19. dxc4 dxc4 20. Nxc4 Rxc4 21. Rxc4 Qd5
22. f3 Qxc4 23. Qxc4 bxc4 24. Nb6 h6 25. Bd2 Bd5 26. Bb4 Re8 27. Bf1 Nc6 28.
Bc5 Bf7 29. e3 Bf8 30. Bxf8 Rxf8 31. Nxc4 Bxc4 32. Bxc4 a5 33. b4 axb4 34. axb4
Ne5 35. Be2 Nd5 36. b5 Nc3 37. Rb2 Nxe2+ 38. Rxe2 Nxf3+ 39. Kg2 Ng5 40. b6 Rb8
41. Rb2 Ne4 42. Kf3 Rb7 43. g4 Nf6 44. gxf5 gxf5 45. Rb4 Nd7 46. Kf4 Rxb6 47.
Rxb6 Nxb6 48. Kxf5 Kg7 49. h4 Kf7 50. h5 Nc8 51. e4 Ne7+ 52. Ke5 Nc6+ 53. Kf4
Nd8 54. Ke5 Ne6 55. Kd6 Nf4 56. e5 Nxh5 57. e6+ Kg6 58. Ke5 Ng7 59. e7 h5 60.
Kf4 Kf6 61. Kg3 Kxe7 62. Kh4 Kf6 63. Kg3 Kg5 0-1